000
00332nam a2200133Ia 4500
008
240614s9999 xx 000 0 und d
041
_a
eng
100
_a
Tippanna, Shekarraj
_9
207520
245
_a
Socio-Economic Status of Women
250
_a
1st
260
_b
Current
_c
2021
_a
Agra
300
_a
181
650
_a
Sociology
_9
119052
999
_c
358650
_d
358650